[Event "5th Pontevedra Open 2017"]
[Site "Pontevedra"]
[Date "2017.08.12"]
[Round "6"]
[White "Garcia Trobat, Francisco"]
[Black "Erdogdu, Mert"]
[Result "1/2-1/2"]
[WhiteElo "2282"]
[BlackElo "2415"]
[Annotator "TA"]
[PlyCount "158"]
[EventDate "2017.??.??"]
[EventCountry "ESP"]
[SourceTitle "playchess.com"]
[Source "ChessBase"]
[SourceQuality "1"]

{[%evp 11,158,0,0,-10,29,0,0,-5,-10,-18,-29,-35,-42,-83,-59,-110,-66,-68,-77,-77,-62,-39,-39,-33,-25,-15,-14,-14,-14,-25,-10,-19,-14,-45,-39,-195,-37,-18,-31,-56,-6,-11,0,-8,71,71,127,136,127,106,120,110,144,109,126,75,75,75,75,75,75,68,75,68,68,68,68,68,68,68,68,68,68,68,68,68,68,68,68,68,68,68,68,68,68,68,68,68,68,68,68,68,75,68,75,68,75,75,75,75,75,75,75,75,75,75,75,75,75,75,75,0,75,0,75,8,19,30,45,8,28,28,28,27,27,27,27,15,15,15,15,15,15,15,22,15,15,15,15,15,15,15,15,0,8,0,0,0,8]} 1. d4 Nf6 2. Bf4 g6 3. Nc3 d5 4. e3 Bg7 5. h4 c6 6. Be2 {A45: Trompowsky Attack} (6. Nf3 Bg4 7. Be2 Nbd7 8. Ne5 Bxe2 9. Qxe2 h5 10. O-O-O Qa5 11. Kb1 {1-0 (44) Karjakin,S (2781)-Giri,A (2771) Stavanger 2017}) 6... h5 {LiveBook: 6 Games} 7. Qd2 Qb6 $146 ({Predecessor:} 7... Bf5 8. Nf3 Nbd7 9. Ng5 Nh7 10. f3 Nxg5 11. Bxg5 {1-0 (43) Sethuraman,S (2653)-Valencia,B (2277) Edmonton 2016}) 8. Nf3 {White has an edge.} Qxb2 9. Rb1 Qa3 10. O-O {[#] Strongly threatening Rb3.} O-O 11. Bc7 e6 12. Ng5 Qe7 13. Ba5 (13. Bg3 $15) 13... b6 14. Bb4 c5 15. dxc5 bxc5 16. Ba3 Nbd7 17. Na4 a5 $36 {[%mdl 2048] Black has good play.} 18. c4 Ba6 19. Rfc1 dxc4 20. Bxc4 Bxc4 21. Rxc4 {[%cal Ra4c5]} Ne5 22. Rc2 Rfd8 23. Qc3 $2 (23. Qe2 $15) 23... Nfd7 $2 (23... Nfg4 $19 24. Qb3 Qd6) 24. Bxc5 $15 Nxc5 25. Qxc5 Qxc5 26. Nxc5 Ra7 27. Kf1 Rc8 (27... Rc7 $11 28. Rb7 Rdc8 29. Rxc7 Rxc7) 28. Ncxe6 $1 $16 Re8 (28... Raa8 $142 29. Rxc8+ Rxc8) 29. Nxg7 Kxg7 30. f3 Nd3 {[#]} 31. e4 $1 Nb4 32. Rd2 Rc8 33. Nh3 (33. a3 $142 Nc2 34. Rb3) 33... Rc3 34. Nf4 Ra3 35. Rbb2 Rc7 36. Ne2 Rc4 37. Rb3 Rxa2 38. Rxa2 Nxa2 $14 {[%mdl 4096] Endgame KRN-KRN} 39. Ra3 Nc1 40. Rxa5 Nxe2 41. Kxe2 {KR-KR} Rc2+ 42. Kf1 Kf6 43. Kg1 Rb2 44. Kh2 Rc2 45. Kg3 Rb2 46. Ra1 Ke5 47. Ra6 Rc2 48. Ra5+ Kf6 49. Rg5 Kg7 50. Rb5 Kf6 51. Kh3 Rc3 52. Rd5 Ra3 53. Kg3 Rb3 54. Kf4 Rb4 55. Rd6+ Kg7 56. Ra6 Rb2 57. g3 Rb3 58. Ra5 Rc3 59. Ra7 Rc4 60. Ra3 Rb4 61. Ra6 ({White should try} 61. Ra8 $16) 61... Rc4 (61... Rb3 $11) 62. Ra5 ({Better is} 62. Rb6 $16) 62... Rb4 (62... Rc3 $11) 63. g4 (63. Ra3 $16) 63... hxg4 $11 64. Kxg4 ({Much less strong is} 64. fxg4 Rb1 $16) 64... Rb1 65. h5 gxh5+ (65... f5+ $5 66. exf5 gxh5+ 67. Kxh5 Kf6 $14) 66. Rxh5 f6 67. Rh3 Kg6 68. Rg3 Kf7 69. f4 Ke6 {The position is equal.} 70. Ra3 {next Ra6+ is good for White.} f5+ 71. exf5+ Kf6 72. Ra6+ Kf7 73. Rc6 Rg1+ 74. Kf3 Rf1+ 75. Ke3 Re1+ 76. Kf2 Ra1 77. Ke3 Re1+ 78. Kd4 Rd1+ 79. Ke3 Re1+ {Precision: White = 46%, Black = 68%.} 1/2-1/2

[Event "5th Pontevedra Open 2017"]
[Site "Pontevedra"]
[Date "2017.08.12"]
[Round "6"]
[White "Padeiro, Jose"]
[Black "Espineira Gonzalez, Diego"]
[Result "0-1"]
[WhiteElo "2255"]
[BlackElo "2368"]
[Annotator "TA"]
[PlyCount "80"]
[EventDate "2017.??.??"]
[EventCountry "ESP"]
[SourceTitle "playchess.com"]
[Source "ChessBase"]
[SourceQuality "1"]

{[%evp 14,80,42,23,25,21,31,15,43,26,56,58,56,39,37,10,31,0,0,0,-11,-6,0,0,0,0,0,0,0,0,0,0,0,-16,0,-4,0,-25,-5,-11,0,-72,-28,-20,-31,-32,-24,-60,-47,-111,-102,-100,-15,-164,-152,-170,-108,-194,-100,-153,-162,-158,-148,-593,-587,-979,-964,-29991,-29992]} 1. d4 e6 2. c4 Nf6 3. Nf3 Bb4+ 4. Bd2 a5 5. g3 d6 6. Bg2 Nbd7 7. O-O e5 8. Be3 exd4 {E11: Bogo-Indian} 9. Bxd4 O-O 10. Qc2 Re8 {The position is equal.} 11. Nc3 c6 12. Rad1 Qe7 13. a3 Bc5 14. Rd2 {[#]} Nb6 $146 ({Find the theoretical novelty and annotate with similar games:} 14... Bxd4 15. Nxd4 Nb6 16. Qb3 {0-1 (66) Le,Q (2715)-Bruzon Batista,L (2673) Khanty-Mansiysk 2011}) 15. b3 (15. Bxf6 {is more complex.} Qxf6 16. Ne4 Qf5 17. Nd4 Qg6 18. Nb3) 15... Bxd4 16. Rxd4 d5 17. cxd5 Nbxd5 18. Nxd5 cxd5 19. e3 Qxa3 20. Nd2 $1 {[%cal Bf3d2,Bd2b1,Bb1c3,Bc3e2,Be2d4][%mdl 32]} Be6 21. Nb1 $1 {[%cal Rb1a3]} Qd6 22. Nc3 Rac8 23. Qb2 Qc5 24. Rc1 Rc6 (24... Ne4 $5 25. Bxe4 dxe4 $11) 25. Ne2 Qb6 $36 {[%mdl 2048] Black fights for an advantage.} 26. Ra1 Rec8 {White must now prevent ...Rc2.} (26... Rc4 $5) 27. Rd2 (27. Qa3 $11) 27... Ne4 28. Bxe4 $1 dxe4 29. Nd4 Rc5 30. Qb1 g6 31. Qd1 (31. Kg2 $1 $15) 31... h5 $17 32. Rda2 Rc3 (32... Bg4 $17 33. Qe1 Bh3) 33. Rb2 (33. Rxa5 $11 Bxb3 34. Qd2) 33... Bg4 $19 34. Qf1 {[#]} Qc5 (34... a4 $1 $19 {[%cal Ra4b3][%mdl 512]} 35. Qb1 (35. Rxa4 Rc1) 35... Bh3) 35. h3 {[#]} (35. Rbb1 $17 {was necessary.}) 35... Bd7 (35... Rc1 $1 $19 {[%cal Rc1f1]} 36. Qxc1 Qxc1+ 37. Rxc1 Rxc1+ 38. Kg2 Bd1) 36. Kh2 ({Better is} 36. Rd2) 36... Rc1 $17 37. Rxc1 Qxc1 38. Qe2 $2 {[%mdl 8192] [#]} (38. Qxc1 $17 Rxc1 39. Ne2) 38... Bxh3 $1 $19 {[%mdl 512]} 39. Ra2 (39. Kxh3 Qh1#) 39... Bg4 40. Qd2 Qf1 {Precision: White = 32%, Black = 58%.} 0-1

[Event "5th Pontevedra Open 2017"]
[Site "Pontevedra"]
[Date "2017.08.12"]
[Round "7"]
[White "Burmakin, Vladimir"]
[Black "Strikovic, Aleksa"]
[Result "1/2-1/2"]
[WhiteElo "2520"]
[BlackElo "2500"]
[Annotator "TA"]
[PlyCount "56"]
[EventDate "2017.??.??"]
[EventCountry "ESP"]
[SourceTitle "playchess.com"]
[Source "ChessBase"]
[SourceQuality "1"]

{[%evp 21,56,25,34,15,35,11,33,39,30,39,117,124,110,113,113,104,108,105,102,60,60,57,74,57,38,52,51,71,68,57,57,39,50,0,0,0,0]} 1. d4 d6 2. g3 g6 3. Bg2 Bg7 4. Nf3 Nf6 5. O-O O-O 6. Re1 Nbd7 7. e4 e5 8. Nc3 c6 9. a4 a5 10. h3 Re8 11. Be3 exd4 12. Bxd4 {B07: Pirc Defence: Miscellaneous Systems} Nb6 $146 ({Find the theoretical novelty and annotate with similar games:} 12... Qc7 13. Qd2 Ne5 14. Nh2 Nc4 15. Qg5 Qd8 16. Na2 h6 17. Qc1 c5 18. Bc3 Nb6 19. b3 d5 20. exd5 Nbxd5 {½-½ (39) Rapport,R (2720)-Mamedyarov,S (2747) Reykjavik 2016}) 13. Rb1 c5 14. Bxf6 {White is slightly better.} Bxf6 15. Nb5 Nxa4 (15... d5 $14) 16. c3 $16 ({Don't take} 16. Nxd6 Bxb2 17. Nxe8 Qxe8 $14) 16... Nb6 17. Nxd6 Re6 18. e5 Be7 {[%cal Re7d6]} 19. Nxc8 Rxc8 20. h4 Qxd1 $1 21. Rbxd1 {[#] And now Bh3 would win.} Rec6 22. Nh2 R6c7 23. Ng4 $36 {[%mdl 2048] White has good play.} Kg7 24. Nf6 h5 25. Bf1 {Black must now prevent Bb5.} c4 26. Bh3 Ra8 27. Nd5 Nxd5 28. Rxd5 a4 {Precision: White = 47%, Black = 51%.} 1/2-1/2

[Event "5th Pontevedra Open 2017"]
[Site "Pontevedra"]
[Date "2017.08.12"]
[Round "7"]
[White "Yuffa, Daniil"]
[Black "Cabezas Ayala, Ivan"]
[Result "1-0"]
[WhiteElo "2515"]
[BlackElo "2300"]
[Annotator "TA"]
[PlyCount "57"]
[EventDate "2017.??.??"]
[EventCountry "ESP"]
[SourceTitle "playchess.com"]
[Source "ChessBase"]
[SourceQuality "1"]

{[%evp 21,57,36,33,41,72,45,53,22,9,31,114,108,105,94,183,190,201,200,357,382,390,369,589,602,936,917,1180,651,1133,408,382,386,375,383,520,525,535,522]} 1. d4 Nf6 2. c4 g6 3. g3 Bg7 4. Bg2 O-O 5. Nc3 c5 6. d5 d6 7. Nf3 e6 8. O-O exd5 9. cxd5 Re8 10. Bf4 a6 11. a4 Ne4 {LiveBook: 74 Games} 12. Ra3 {[%cal Ba1a3,Ba3e3,Be3e8][%mdl 32] A62: Modern Benoni: Fianchetto Variation without early ...Nbd7} (12. Nxe4 Rxe4 13. Nd2 Rb4 14. Rb1 b5 15. b3 Qe7 16. Qc2 Nd7 17. e4 Ne5 18. h3 bxa4 19. bxa4 Rab8 20. Rxb4 Rxb4 21. Be3 Bd7 {0-1 (79) Maletin,P (2581)-Levin,E (2508) St Petersburg 2015}) 12... Nd7 $146 ({Predecessor:} 12... h6 13. Nxe4 Rxe4 14. Nd2 Rb4 15. b3 g5 16. Be3 Nd7 17. Ne4 Qe7 18. Qc2 f5 19. Nc3 c4 20. bxc4 Rxc4 {1-0 (33) Yuffa,D (2447)-Mirzaev,A (2257) Samara 2014}) 13. Nxe4 Rxe4 14. Nd2 {White is slightly better.} Rb4 15. Bxd6 Qf6 (15... Bxb2 $14 16. Re3 b5) 16. Bc7 $16 Qxb2 17. Re3 Rd4 {[#]} (17... Ne5 $16) 18. Ba5 $1 $36 {[%cal Ra5c3][%mdl 2048] Strongly threatening Bc3. White is in control.} Qa2 19. Bc3 Rxa4 $2 (19... Nf6 20. Bxd4 cxd4) 20. Re8+ Nf8 21. Qc1 Bh6 (21... Qa3 $142 22. Bxg7 Kxg7 23. Qxa3 Rxa3) 22. e3 f5 {intending ...Kf7.} 23. d6 Kf7 24. Re7+ Kg8 25. Ba1 (25. Bb2 $142) 25... Qxa1 26. Qxa1 Rxa1 27. Rxa1 Be6 28. Bxb7 Rd8 29. Rxa6 {Precision: White = 81%, Black = 24%.} 1-0

[Event "5th Pontevedra Open 2017"]
[Site "Pontevedra"]
[Date "2017.08.12"]
[Round "7"]
[White "Oratovsky, Michael"]
[Black "Garcia Trobat, Francisco"]
[Result "1-0"]
[WhiteElo "2494"]
[BlackElo "2282"]
[Annotator "TA"]
[PlyCount "91"]
[EventDate "2017.??.??"]
[EventCountry "ESP"]
[SourceTitle "playchess.com"]
[Source "ChessBase"]
[SourceQuality "1"]

{[%evp 11,91,2,28,9,9,11,5,10,28,25,30,25,58,54,68,63,62,61,60,50,107,113,111,79,79,79,79,79,91,91,91,91,91,91,101,101,101,99,99,99,99,95,99,95,141,141,141,141,148,141,163,126,133,126,126,126,150,135,234,234,234,234,234,234,234,234,347,345,308,222,200,202,550,559,1930,1734,29969,29973,29972,29974,29972,29974]} 1. e4 c5 2. Nf3 d6 3. Bb5+ Bd7 4. Bxd7+ Nxd7 5. c4 Ngf6 6. Nc3 Ne5 7. Nxe5 {B52: Sicilian: Moscow Variation with 3...Bd7} (7. O-O {is interesting.} e6 8. Rb1 Nfd7 9. d3 Be7 10. b4) 7... dxe5 8. d3 e6 9. f4 {The position is equal.} Bd6 $146 ({Predecessor:} 9... Be7 10. O-O O-O 11. fxe5 Nd7 12. Bf4 Bg5 13. g3 Be7 14. Qe2 a6 15. Rae1 {½-½ (15) Bologan,V (2585)-Serper,G (2560) Oslo 1994}) 10. f5 exf5 11. exf5 h6 12. Qf3 Qd7 13. Be3 O-O-O 14. O-O-O Rhe8 15. Bf2 Qc6 ({Better is} 15... Ng8 $14) 16. Qxc6+ $16 bxc6 17. Bh4 Be7 18. Bxf6 Bxf6 19. Rhe1 Rd4 20. Ne4 Be7 21. Kc2 Kc7 22. Re3 f6 23. Rg3 Bf8 24. Re1 a5 25. Ree3 a4 26. Rg6 Rb8 27. h4 Kd8 28. g4 Rd7 {Black wants to play ...Rdb7.} 29. Re2 Rdb7 30. Kc3 Rf7 31. Rf2 Be7 32. g5 hxg5 33. hxg5 {Hoping for Rh2.} Kc7 34. Rh2 {[#] Rh7 is the strong threat.} Kb6 (34... fxg5 $16 {is a better defense.} 35. Rh7 (35. Nxg5 Bxg5 36. Rxg5 Rbf8 $16) 35... Rbf8 36. Nxg5 (36. Rhxg7 Rxg7 37. Rxg7 Kd8 $16) 36... Bxg5 37. Rgxg7 (37. Rxg5 Kb6 $16) 37... Rxg7 38. Rxg7+ Kd8 39. Rxg5 Ke7) 35. Rh7 $18 Rg8 36. gxf6 Bxf6 37. Nxf6 Rxf6 38. Rhxg7 Rxg6 (38... Rxg7 $142 39. Rxf6 Rg2) 39. Rxg6 {[%mdl 4096] Endgame KR-KR} Rf8 40. Rg5 Kc7 41. Kd2 a3 $2 {[#]} (41... Rh8 {is a better chance.} 42. Ke3 Kd6 43. Rg6+ Kd7) 42. bxa3 Ra8 43. f6 {[%cal Bf5f6,Bf6f7][%mdl 32]} Kd6 44. f7 {White mates.} Rf8 45. Rf5 Ke6 46. Rf1 {Precision: White = 88%, Black = 60%.} 1-0

[Event "5th Pontevedra Open 2017"]
[Site "Pontevedra"]
[Date "2017.08.12"]
[Round "7"]
[White "Firat, Burak"]
[Black "Lillo Castany, Victor"]
[Result "1/2-1/2"]
[WhiteElo "2482"]
[BlackElo "2382"]
[Annotator "TA"]
[PlyCount "41"]
[EventDate "2017.??.??"]
[EventCountry "ESP"]
[SourceTitle "playchess.com"]
[Source "ChessBase"]
[SourceQuality "1"]

{[%evp 17,41,7,13,18,18,22,17,5,6,2,4,0,78,80,78,58,50,-29,-31,-68,-57,-60,-50,-58,-61,-66]} 1. c4 e6 2. Nf3 d5 3. d4 Nf6 4. g3 Bb4+ 5. Bd2 Bd6 (5... Be7 6. Bg2 O-O 7. O-O Nbd7 8. a4 a5 9. Qc2 c6 10. Rc1 Ne4 11. Ne1 Nd6 12. Na3 b6 13. cxd5 cxd5 14. Qb3 Ba6 15. Nb5 Rc8 {½-½ (32) Aronian,L (2793)-Anand,V (2786) Stavanger 2017}) 6. Bg2 {E01: Catalan: Early deviations} c6 7. Qc2 Nbd7 8. O-O O-O 9. Rd1 Ne4 {LiveBook: 23 Games} 10. Ne1 {[%cal Bf3e1,Be1d3,Bd3b4,Bb4c2][%mdl 32]} f5 11. Nd3 g5 $146 ({Predecessor:} 11... Qf6 12. e3 Qe7 {0-1 (30) Sepp,O (2427)-Neiksans,A (2591) Finland 2015}) 12. Bb4 Bxb4 13. Nxb4 Qb6 14. Qb3 c5 (14... a5 $11 15. Nc2 Qxb3 16. axb3 b6) 15. Nc2 $16 cxd4 {[%cal Bc5d4,Bd4d3][%mdl 32]} 16. cxd5 e5 {[%cal Be6e5,Be5e4][%mdl 32]} 17. Nba3 (17. e3 $14) 17... Qf6 $11 18. e3 {[%cal Re3d4] Black is slightly better.} Nec5 19. Qc4 $1 {[%cal Re3d4]} d3 20. Nb4 e4 21. Nb5 {Precision: White = 68%, Black = 88%.} 1/2-1/2

[Event "5th Pontevedra Open 2017"]
[Site "Pontevedra"]
[Date "2017.08.12"]
[Round "7"]
[White "Huerga Leache, Mikel"]
[Black "Ambartsumova, Karina"]
[Result "1/2-1/2"]
[WhiteElo "2446"]
[BlackElo "2325"]
[Annotator "TA"]
[PlyCount "108"]
[EventDate "2017.??.??"]
[EventCountry "ESP"]
[SourceTitle "playchess.com"]
[Source "ChessBase"]
[SourceQuality "1"]

{[%evp 12,108,15,0,0,0,67,28,41,37,59,56,46,50,45,31,127,0,205,200,204,214,204,208,217,230,208,147,154,152,160,156,162,93,183,180,175,172,166,180,170,128,125,118,118,56,69,74,92,39,37,35,35,41,101,101,101,99,64,64,66,66,97,97,97,58,101,108,166,152,161,158,166,145,202,65,65,65,65,70,70,53,53,53,53,53,53,53,53,0,0,0,0,0,0,0,0,0,0]} 1. d4 Nf6 2. Nf3 g6 3. g3 Bg7 4. Bg2 d6 5. O-O O-O 6. a4 a5 7. b3 e5 {A49: 1 d4 Nf6 2 Nf3 g6 3 g3: Anti-King's Indian systems} 8. dxe5 Nfd7 (8... dxe5 $11 9. Nc3 (9. Nxe5 Qxd1 10. Rxd1 Ng4 $11) 9... Nc6) (8... dxe5 9. Bb2 e4 10. Qxd8 Rxd8 11. Nfd2 Bf5 12. Nc4 Nc6 13. Nba3 Nb4 14. Ne3 Nfd5 15. Bxg7 Nxe3 {½-½ (31) Levin,F (2528)-Maze,S (2617) Belgium 2017}) 9. Bb2 dxe5 {White has an edge.} 10. Nfd2 Na6 $146 ({Predecessor:} 10... Re8 11. Nc4 h5 12. Qd2 Nc6 13. Bxc6 bxc6 14. Nxa5 Qf6 15. Nc4 {½-½ (28) Shcherbakov,R (2505)-Petrosian,K (2275) Belgorod 1991}) 11. Nc4 Nb4 12. Nba3 $36 {[%mdl 2048] White is pushing.} Qe7 13. Qd2 (13. c3 $5 {[%cal Rc3b4]} Nc6 14. Nb5 $16) 13... f5 (13... Nc5 $14) 14. c3 (14. Nb5 $1 $16) 14... Nc6 $2 (14... Na6 $1 $11 {and Black stays safe.}) 15. Nb5 $1 $18 {[%cal Rb5c7]} Nc5 16. Ba3 Rd8 {[#]} 17. Qe3 $1 {[%cal Re3c5]} Bf8 18. Bxc5 Qxc5 19. Qxc5 Bxc5 20. Nxc7 Ra7 21. Bd5+ Kg7 22. Be6 (22. Rad1 $18) 22... Kf6 (22... b6 $16 23. Bxc8 Rxc7) 23. Bxc8 Rxc8 24. Nd5+ Ke6 25. Rfd1 Ne7 26. Nxe7 Bxe7 27. e4 Rc5 28. f3 ({White should try} 28. Na3 $16) 28... b5 $14 29. axb5 Rxb5 30. Rd5 (30. Rdb1 $16) 30... Rxb3 31. Raxa5 Rxa5 32. Rxa5 {Threatens to win with Ra6+.} Rxc3 {[%mdl 4096] Endgame KRB-KRN} ({Better is} 32... fxe4 $1 $14 33. Rxe5+ (33. fxe4 Rxc3 34. Ra6+ Kf7 $14) 33... Kd7) 33. Ra6+ $16 Kf7 34. Nxe5+ Kg7 35. exf5 gxf5 36. Kg2 Rc2+ 37. Kh3 Rc7 38. Nd3 Rd7 39. Nf4 Bd6 (39... Bd8 $16 40. Ne6+ Kf7 41. Nxd8+ Rxd8) 40. Nh5+ Kf7 41. Rb6 Be5 42. Rh6 Kg8 {[#]} (42... Rd2 $16 43. Kh4 (43. Rxh7+ Kg6 $18) 43... f4) 43. f4 ({White should play} 43. Rf6 $1 $18 {[%mdl 512]}) 43... Rd6 $14 44. Rxd6 Bxd6 {KB-KN} 45. Nf6+ Kh8 $1 46. Kg2 (46. Ne8 $5 {[%cal Re8d6]} Be7 47. g4 $16) 46... Be7 47. Nd5 Bc5 $1 48. Nc7 Kg8 49. Ne6 Bb6 50. Kf1 (50. Kf3 $14) 50... h6 $1 $11 {aiming for ...Kf7.The position is equal.} 51. g4 fxg4 52. Kg2 Kf7 53. h3 gxh3+ (53... h5 $5 {[%cal Rf7e6]} 54. hxg4 Kxe6 55. gxh5 Kf7 $11) 54. Kxh3 Kxe6 {Precision: White = 61%, Black = 60%.} 1/2-1/2

[Event "5th Pontevedra Open 2017"]
[Site "Pontevedra"]
[Date "2017.08.12"]
[Round "7"]
[White "Portela Peleteiro, Alberto"]
[Black "Pap, Misa"]
[Result "0-1"]
[WhiteElo "2397"]
[BlackElo "2491"]
[Annotator "TA"]
[PlyCount "156"]
[EventDate "2017.??.??"]
[EventCountry "ESP"]
[SourceTitle "playchess.com"]
[Source "ChessBase"]
[SourceQuality "1"]

{[%evp 22,156,35,0,30,35,55,29,97,47,140,125,145,127,135,141,274,294,420,424,432,428,575,416,635,613,546,493,29997,197,320,133,133,125,138,116,172,43,25,-73,-68,-64,-61,-89,-96,-71,0,-7,-8,-23,0,-47,-57,-69,-59,-79,-77,-92,-82,-108,-95,-108,-101,-103,-106,-108,-97,-101,-101,-120,-120,-122,-120,-120,-120,-120,-119,-122,-116,-148,-109,-112,-117,-110,-108,-160,-159,-226,-177,-203,-203,-203,-203,-203,-203,-256,-184,-183,-183,-195,-195,-195,-195,-195,-195,-195,-195,-235,-195,-195,-188,-188,-164,-274,-222,-348,-341,-507,-279,-239,-203,-194,-167,-678,-678,-539,-627,-616,-592,-29979,-29980,-29979,-29981,-29981,-29982,-29981,-29981]} 1. e4 c5 2. Nf3 e6 3. d4 cxd4 4. Nxd4 Nc6 5. Nc3 Qb6 6. Nb3 Nf6 7. Bd3 d6 8. Be3 Qc7 9. f4 a6 10. Qf3 b5 {B33: Sicilian: Pelikan and Sveshnikov Variations} (10... Be7 11. O-O-O Nb4 12. g4 b5 13. Kb1 Nd7 14. Rhf1 Nxd3 15. cxd3 b4 16. Ne2 a5 17. Rc1 Qb7 18. Nd2 O-O 19. g5 {1-0 (36) Kravtsiv,M (2623)-Fedorchuk,S (2641) Lvov 2015}) 11. O-O Bb7 12. g4 {LiveBook: 3 Games} Nd7 {The position is equal.} 13. g5 {[#]} Nc5 $146 ({Find the theoretical novelty and annotate with similar games:} 13... g6 14. Rad1 b4 15. Na4 Bg7 16. c3 O-O 17. Rc1 bxc3 18. Nxc3 Rfe8 19. Rfd1 Qd8 20. Qf2 {½-½ (60) Charbonneau,P (2444)-Schmaltz,R (2529) New York 2003}) 14. Qh3 b4 (14... Be7 $1 $11) 15. Ne2 Qc8 (15... Nxd3 $14 16. cxd3 Qd7) 16. g6 fxg6 17. Nxc5 dxc5 18. Bc4 $36 {[%mdl 2048] White is really pushing.} Nd8 (18... Nd4 $16) 19. f5 $18 Bxe4 (19... Ra7 {might work better.} 20. fxe6 Be7) 20. fxe6 Be7 21. Rad1 Ra7 {[#]} 22. Rf7 $1 {[%mdl 512]} Bf5 (22... Bxc2 $142 23. Rd5 Qc6) (22... Nxf7 23. exf7+) 23. Rxf5 gxf5 24. Qxf5 g6 {[#]} (24... Bf6 $18 25. Nf4 Bd4) 25. Qe5 $2 (25. Qf7+ $1 {[%mdl 512] NOTEXT} Nxf7 26. exf7+ Kf8 27. Bh6#) 25... Rf8 (25... O-O $142 26. Bh6 (26. Rd7 Nc6 $11) 26... Rf6) 26. Nf4 ({Inferior is} 26. Qg7 Bg5 $11) (26. Bb3 $1 $18 {[%cal Rb3a4] is the precise move to win.} Nc6 27. Ba4) 26... Nc6 $16 27. Qe4 $1 {Bb3 is the strong threat.} Rf5 28. Rd5 Na5 (28... Nd4 $16) 29. Bd3 ({Only move:} 29. Bf1 $1 $18) 29... Qc6 $1 $14 30. Rxf5 (30. c4 $11 {remains equal.}) 30... Qxe4 $17 31. Bxe4 gxf5 32. Bxf5 Nc4 33. Bf2 Bg5 ({Black should play} 33... Nxb2 $17 34. Nd5 Nd1) 34. Nd5 $11 ({Don't blunder} 34. Bxc5 $2 Rc7 $19) 34... Rg7 35. Kf1 Nd6 (35... Be7 $5) 36. Bg4 Ne4 37. Bh5+ Kd8 38. Bg1 Be7 39. Be3 Nf6 $1 {[%cal Rf6d5]} 40. Nxf6 Bxf6 41. Bxc5 $17 {[%mdl 4096] Endgame KRB-KB} Rg5 ({Much weaker is} 41... Bxb2 $6 42. Bxb4 Bf6 43. Be2 $11) 42. Bb6+ Ke7 43. Be2 Kxe6 44. Bxa6 Bxb2 45. Bc4+ Kd6 46. Be3 Rh5 47. Kg2 Be5 48. h3 Rf5 49. Bd3 Rf7 50. Bc1 Rg7+ 51. Kf2 Ra7 52. Kf3 h5 {[%cal Bh7h5,Bh5h4][%mdl 32]} 53. Ke4 (53. Bc4 $142) 53... Rxa2 54. Kf5 (54. Bh6 $17 Ra8 55. Kf5) 54... Ra5 {White must now prevent ...Bb2+.} 55. Kg6 h4 56. Bg5 Bg3 57. Bd2 Kc5 58. Be3+ Kc6 59. Bd2 {[#]} Ra4 $1 {Hoping for ...b3!} 60. Kf5 Kd5 61. Bb5 {[#]} Ra5 $1 {[%cal Ra5b5]} 62. Be8 Kd4+ 63. Kg4 Ra8 64. Bf7 Rb8 65. Bb3 Ke4 66. Bc4 Rb7 67. Bh6 (67. Bd3+ {was necessary.} Kd4 68. Bf5) 67... Be1 $19 68. Bg5 (68. Be6 {keeps fighting.}) 68... Rg7 69. Kh5 (69. Bd3+ {is the only way for White.} Ke5 70. Kh5) 69... Rh7+ 70. Kg4 {And now Bd3+ would win.} Kd4 71. Bb3 Ke5 72. Bc4 $2 (72. Kf3) 72... Rg7 {aiming for ...Bd2.} 73. Kh5 Rc7 74. Bd3 Rc3 75. Bh6 {[#] intending Bg7+.} Rxd3 $1 {[%mdl 512] Black mates.} 76. cxd3 Kd4 77. Bc1 Kxd3 78. Kg4 Kc2 {Precision: White = 39%, Black = 55%.} 0-1

[Event "5th Pontevedra Open 2017"]
[Site "Pontevedra"]
[Date "2017.08.12"]
[Round "7"]
[White "Konguvel, Ponnuswamy"]
[Black "Lazarev, Vladimir"]
[Result "1/2-1/2"]
[WhiteElo "2383"]
[BlackElo "2418"]
[Annotator "TA"]
[PlyCount "48"]
[EventDate "2017.??.??"]
[EventCountry "ESP"]
[SourceTitle "playchess.com"]
[Source "ChessBase"]
[SourceQuality "1"]

{[%evp 15,48,35,59,12,8,22,46,39,52,30,38,10,44,33,67,60,41,12,74,56,54,64,63,56,64,0,0,-10,-10,-18,-12,-45,0,0,0]} 1. e4 c5 2. Nf3 e6 3. d4 cxd4 4. Nxd4 a6 5. c4 Nf6 6. Nc3 Bb4 7. Qd3 {B41: Sicilian: Kan Variation: 5 c4} O-O 8. e5 (8. Be2 Qc7 9. O-O Nc6 10. Nxc6 dxc6 11. Bg5 Be7 12. Be3 b5 13. Rac1 b4 14. Nb1 c5 {0-1 (61) Anand,V (2779)-Ivanchuk,V (2747) Doha 2016}) 8... Ne8 $1 {LiveBook: 6 Games} 9. Be2 {White is slightly better.} Qc7 10. f4 {White wants to play 0-0.} f6 $146 ({Predecessor:} 10... d6 11. exd6 Nxd6 12. Be3 Rd8 13. Rd1 Nd7 14. O-O Nc5 15. Qc2 {1-0 (32) Lacina,A (2222)-Muk,I Klatovy 1999}) 11. exf6 Nxf6 12. O-O Nc6 {[#] White must now prevent ...Nxd4.} 13. Nc2 Bc5+ (13... d5 $5) 14. Kh1 Nb4 15. Nxb4 Bxb4 16. a3 Be7 (16... Bxc3 $1 $11 17. Qxc3 (17. bxc3 b5 $11) 17... b5) 17. b4 b6 18. Be3 Bb7 19. Bd4 a5 20. Nb5 (20. b5 $14) 20... Qd8 $11 21. Qe3 axb4 22. Bxb6 Qc8 {With the idea ...bxa3.} 23. a4 Be4 (23... Ra6 $5 {[%cal Rc8c6]} 24. a5 Ne4 $11) 24. a5 Qc6 {Precision: White = 37%, Black = 51%.} 1/2-1/2